| 000 | 00846nam a22002177a 4500 | ||
|---|---|---|---|
| 001 | 44209 | ||
| 003 | BD-RjUL | ||
| 005 | 20211209053821.0 | ||
| 008 | 160714s1982 bg ||||| |||| 00| 0 ben d | ||
| 035 | _a(BD-RjUL)44327 | ||
| 040 |
_aBD-RjUL _bben _cBD-RjUL |
||
| 041 | _aben | ||
| 082 |
_223 _a371.3 _bKHT 1982 |
||
| 100 |
_aখান, আবদুল খালেক _9135744 |
||
| 245 | 1 | 0 |
_aটেকনিক্যাল রিপোর্ট প্রণয়ন / _cআবদুল খালেক খান |
| 260 |
_aঢাকা : _bবাংলা একাডেমী, _c১৯৮২ |
||
| 300 |
_a[১৪], ১৪১ পৃ. ; _c২১ সেমি. |
||
| 650 |
_aMethods of Instruction and Study _9135745 |
||
| 650 |
_aনির্দেশনা ও অধ্যয়ন পদ্ধতি _9135746 |
||
| 942 |
_2ddc _cBK |
||
| 999 |
_c44209 _d44209 |
||